| 000 | 00519nam a2200193 a 4500 | ||
|---|---|---|---|
| 001 | 3002 | ||
| 003 | CDMR | ||
| 005 | 20131211141548.0 | ||
| 008 | 130130s1967||||||||||||||||||||||||||||d | ||
| 040 |
_aCDMR _bcat _cCDMR |
||
| 100 | 1 |
_aNixon, Raymond Blalock _91297 |
|
| 245 | 1 | 0 |
_aOpinión pública y periodismo _cRaymond B. Nixon |
| 250 | _a3a ed. | ||
| 260 |
_aQuito _c1967 _bCIESPAL |
||
| 300 |
_a101 p. _c26 cm |
||
| 650 | 0 | 4 |
_94374 _aPeriodisme _xManuals, guies, etc |
| 650 | 0 | 4 |
_92537 _aOpinió pública |
| 942 |
_cMON _2udc |
||
| 999 |
_c3002 _d3002 |
||